书目信息 |
| 题名: |
海藻学
|
|
| 作者: | 钱树本 , 刘东艳 , 孙军 主编 | |
| 分册: | ||
| 出版信息: | 青岛 中国海洋大学出版社 2005 |
|
| 页数: | 529页 | |
| 开本: | 23cm | |
| 丛书名: | 海洋科学书系 | |
| 单 册: | ||
| 中图分类: | Q949.2 | |
| 科图分类: | ||
| 主题词: | 海藻--Hai Zao--藻类学 , 海藻--Hai Zao , 藻类学--Zao Lei Xue | |
| 电子资源: | ||
| ISBN: | 978-7-81067-764-6 | |
| 000 | 00960nam 2200301 450 | |
| 001 | 012024000003 | |
| 005 | 20241025195402.0 | |
| 010 | @a978-7-81067-764-6@dCNY58.00 | |
| 100 | @a20241025d2005 em y0chiy50 ea | |
| 101 | 0 | @achi |
| 102 | @aCN@b370000 | |
| 105 | @aa z 001yy | |
| 106 | @ar | |
| 200 | 1 | @a海藻学@AHai Zao Xue@f钱树本,刘东艳,孙军主编 |
| 210 | @a青岛@c中国海洋大学出版社@d2005@h2014重印 | |
| 215 | @a529页@c图@d23cm | |
| 225 | 2 | @a海洋科学书系@AHai Yang Ke Xue Shu Xi |
| 330 | @a本书内容包括:绪言;藻类的定义、细胞结构、繁殖、生活史及系统演化;蓝藻门;红藻门;金藻门等。 | |
| 410 | 0 | @12001 @a海洋科学书系 |
| 606 | 0 | @a海藻@AHai Zao@x藻类学 |
| 606 | 0 | @a海藻@AHai Zao |
| 606 | 0 | @a藻类学@AZao Lei Xue |
| 690 | @aQ949.2@v5 | |
| 701 | 0 | @a钱树本@AQian Shu Ben@4主编 |
| 701 | 0 | @a刘东艳@ALiu Dong Yan@4主编 |
| 701 | 0 | @a孙军@ASun Jun@c(海洋学)@4主编 |
| 801 | 0 | @aCN@bAHXH@c20241025 |
| 905 | @b214161191@f1@dQ949.2@e537 | |
| 海藻学/钱树本,刘东艳,孙军主编.-青岛:中国海洋大学出版社,2005(2014重印) |
| 529页:图;23cm.-(海洋科学书系) |
| ISBN 978-7-81067-764-6:CNY58.00 |
| 本书内容包括:绪言;藻类的定义、细胞结构、繁殖、生活史及系统演化;蓝藻门;红藻门;金藻门等。 |
| ● |
| 相关链接 |
|
|
|
|
正题名:海藻学
索取号:Q949.2/537
 
预约/预借
| 序号 | 登录号 | 条形码 | 馆藏地/架位号 | 状态 | 备注 |
| 1 | 1413426 | 214134266 | 第二样本阅览室/ [索取号:Q949.2/537] | 在馆 | |
| 2 | 1413427 | 214134275 | 第三借阅区/ [索取号:Q949.2/537] | 在馆 | |
| 3 | 1413428 | 214134284 | 第三借阅区/ [索取号:Q949.2/537] | 在馆 | |
| 4 | 1413429 | 214134293 | 第三借阅区/ [索取号:Q949.2/537] | 在馆 | |
| 5 | 1413430 | 214134300 | 第三借阅区/ [索取号:Q949.2/537] | 在馆 | |
| 6 | 1413431 | 214134319 | 第三借阅区/ [索取号:Q949.2/537] | 在馆 | |
| 7 | 1413432 | 214134328 | 第三借阅区/ [索取号:Q949.2/537] | 在馆 | |
| 8 | 1413433 | 214134337 | 第三借阅区/ [索取号:Q949.2/537] | 在馆 | |
| 9 | 1413434 | 214134346 | 第三借阅区/ [索取号:Q949.2/537] | 在馆 | |
| 10 | 1413435 | 214134355 | 第三借阅区/ [索取号:Q949.2/537] | 在馆 | |
| 11 | 1416119 | 214161191 | 第三借阅区/ [索取号:Q949.2/537] | 在馆 |